Surveillance of drinking water quality in rural areas / (Record no. 18466)

000 -LEADER
fixed length control field 00813pam a2200229 a 4500
020 ## - INTERNATIONAL STANDARD BOOK NUMBER
ISBN 0582063302
020 ## - INTERNATIONAL STANDARD BOOK NUMBER
ISBN 047021709X (U.S.)
040 ## - CATALOGING SOURCE
Transcribing agency DLC
082 00 - DEWEY DECIMAL CLASSIFICATION NUMBER
Classification number 628 LST 1991 C146 Or.
100 1# - MAIN ENTRY--AUTHOR NAME
Personal name Lloyd, Barry.
245 10 - TITLE STATEMENT
Title Surveillance of drinking water quality in rural areas /
260 ## - PUBLICATION, DISTRIBUTION, ETC. (IMPRINT)
Place of publication Burnt Mill, Harlow, Essex, England :
Name of publisher Longman Scientific & Technical ;
Place of publication New York :
Name of publisher J. Wiley,
Year of publication 1991.
300 ## - PHYSICAL DESCRIPTION
Number of Pages xvi, 171 p. :
Other physical details ill., maps ;
Dimensions 24 cm.
500 ## - GENERAL NOTE
General note "Published on behalf of the World Health Organization and the United Nations Environment Programme."
650 #0 - SUBJECT ADDED ENTRY--TOPICAL TERM
Topical Term Water-supply, Rural.
650 #0 - SUBJECT ADDED ENTRY--TOPICAL TERM
Topical Term Water quality
650 #0 - SUBJECT ADDED ENTRY--TOPICAL TERM
Topical Term Drinking water.
700 1# - ADDED ENTRY--PERSONAL NAME
Personal name Helmer, Richard,
710 2# - ADDED ENTRY--CORPORATE NAME
Corporate name or jurisdiction name as entry element World Health Organization.
710 2# - ADDED ENTRY--CORPORATE NAME
Corporate name or jurisdiction name as entry element United Nations Environment Programme.
942 ## - ADDED ENTRY ELEMENTS (KOHA)
Koha item type ADB
952 ## - LOCATION AND ITEM INFORMATION (KOHA)
Withdrawn status [LOCAL, KOHA] 0
Holdings
Koha item type Source of acquisition Lost status Permanent Location Current Location Date acquired Full call number
សៀវភៅភាសាអង់គ្លេសA39241 Library Block CLibrary Block B2019-12-04628 LST 1991 C146 Or.
មជ្ឈមណ្ឌលឯការនៃសាកលវិទ្យាល័យភូមិន្ទកសិកម្មចំការដូង

Powered by Koha